000 004160000a22001810004500
003 MACL
005 20160106161430.0
008 160106b xxu||||| |||| 00| 0 eng d
040 _aMACL
_cMACL
041 _aEnglish
082 _a910.549/BRU
100 _aBrunel, Francis
_97027
245 _aKashmir
260 _bRupa Co
_aCalcutta
350 _a200
650 _aTravel
_928911
942 _cBK
_k910.549/BRU
_2ddc
999 _c33751
_d33751